Culture Générale : Faits Inutiles - Musique - Statistiques

Statistiques générales
  • Ce quiz a été pris 93 fois
  • Le résultat moyen est 4 sur 17
Statistiques - réponses
Intitulé Réponse % Correct
Michael Jackson est l'inventeur du moonwalk, vrai ou faux ? Faux
89%
Quel grand chef cuisinier français a un groupe de musique ? Philippe Etchebest
49%
Quelle est la chanson avec le plus de vues sur Youtube ? Baby Shark
43%
Sculptée dans un os de vautour il y a 35 000 ans, quel est l'instrument le plus vieux découvert ? La flûte
41%
Quelle chanson, dont le titre est étrangement approprié, a le rythme parfait pour faire un massage cardiaque ? Stayin' Alive
41%
Selon la légende, quelle chanteuse actuelle a popularisé la sortie de musique le vendredi ? Beyoncé
36%
Pour quelle marque Pharrell Williams est devenu en 2023 le directeur créatif des collections hommes ? Louis Vuitton
32%
Selon une étude, quelle est la chanson qui rend le plus heureux ? Don't Stop Me Now
20%
Quel célèbre auteur-compteur français a créé la harpe laser, un instrument futuriste où les notes se jouent quand il passe ses mains sur les lasers ? Jean-Michel Jarre
17%
Quelle est la chanson la plus streamée du XXe siècle ? Bohemian Rhapsody
9%
Durant quel triste événement Mika a trouvé l'inspiration pour son tube "Relax, Take It Easy" le 7 juillet 2005 ? Les attentats de Londres
9%
Dans quel pays d'Asie centrale le playback est-il interdit ? Turkmenistan
4%
Que signifie le mot japonais karaoké ? Orchestre vide
1%
Pourquoi le groupe suédois ABBA portait des tenues si extravagantes ? Pour payer moins d'impôts
1%
Quel est le tout premier clip à avoir été diffusé sur MTV ? Video Killed the Radio Star (The Buggles)
1%
Qu'est-ce que l'épitaphe de Seikilos ? La plus vieille musique au monde
0%
Quel footballeur a remporté un disque d'or ? Zlatan Ibrahimovic
0%
Aucun quiz correspondant
Distribution des résultats
% des personnes avec chaque résultat
Percentile par nombre de réponses
Votre historique - résultats
Vous n’avez pas pris ce quiz